00528nam a2200205 a 4500001001300000003000900013005001700022008004100039020002300080082001900103100001400122245005200136260003500188300000900223500003500232505001000267650001000277650002100287700001400308nice12345678IN_TiNIC20260116012255.0050524s1986 newa grp 000 0 eng  a0809170 c10000a327.17201bCOX aCox, Gray aWays of Peaceb a Philosophy of Peace as Action aNew YorkbPaulist Press c1986 a211p aincludes index and biblioraphy2 aIndex aPeace aPhilosophy-Peace1 aCox, Gray